LEADER 01082nam a2200265 i 4500 001 000000142407 003 CaOOAMICUS 005 20080625000000.0 008 080625s1998 it u000 u ita u 013 $a117715 020 $a88-06-14357-3 040 $aSeMil$bita 100 1 $aEsposito, Roberto,$d<1950- >.$0(OLS)http://semarc/name/13114 245 10$aCommunitas :$borigine e destino della comunità /$cRoberto Esposito. 260 $aTorino :$bEinaudi,$ccopyr. 1998. 300 $aXXXVI, 157 p. ;$c20 cm. 490 0 $aEinaudi contemporanea ;$v58 650 4$aComunità - Teorie.$0(OLS)http://semarc/subject/11432 830 0$aEinaudi contemporanea ;$v58.$0(OLS)http://semarc/title/9406 850 $aSeMil 852 $aSeMil$W1$xVenegono$y1$m2P I 616$j95581$B95581$CSeMilBibl$Z2$F102455 $81 961 $aOmaggio: Bressan don Luca 996 $6020$a88-06-14357-3$9(OLS)http://semarc/number/130733 996 $6245$aCommunitas :$borigine e destino della comunità$9(OLS)http://semarc/title/208298 996 $6260$aTorino :$bEinaudi$9(OLS)http://semarc/publisher/29884 LEADER 01425nam a2200301 4500 001 000000347660 003 CaOOAMICUS 005 20210914101558.0 008 210906s2021 sp 000 u spa r 020 $a978-84-17-60142-3 040 $aSeMil$bita 245 03$aLa libertad religiosa /$cJosé Antonio Calvo Gómez (coordinador) 264 1$aSalamanca :$bUniversidad Pontificia de Salamanca. Cátedra «Cardenal Ernesto Ruffini»,$c2021. 300 $a285 p. ;$c22 cm 490 1 $aCátedra cardenal Ernesto Ruffini ;$v14 541 0 $aOmaggio mons. Mario Delpini (3C II 37) 600 14$aRuffini, Ernesto .$0(OLS)http://semarc/subject/22412 650 4$aLibertà religiosa - Storia.$0(OLS)http://semarc/subject/50913 700 1 $aCalvo Gómez, José Antonio,$c.$0(OLS)http://semarc/name/110794 830 0$aCátedra cardenal Ernesto Ruffini ;$v14.$0(OLS)http://semarc/title/419317 850 $aSeMil 852 $aSeMil$W1$xVenegono$y1$m3C II 37$j229023$B238711$CSeMilBibl$Z2$F238711 $81 941 1 $a7 961 $aOmaggio mons. Mario Delpini 996 $6020$a978-84-17-60142-3$9(OLS)http://semarc/number/294014 996 $6245$aLa libertad religiosa$9(OLS)http://semarc/title/436955 996 $6264$aSalamanca :$bUniversidad Pontificia de Salamanca. Cátedra «Cardenal Ernesto Ruffini»$9(OLS)http://semarc/publisher/59485